| 000 | 00807nam a22002177a 4500 | ||
|---|---|---|---|
| 005 | 20250114121832.0 | ||
| 010 | _aENG-143381-383 | ||
| 020 |
_c7250.00(Set of 3) _a9789391211325(Vol 1,Vol 2,Vol 3) |
||
| 035 | _aEN-126913-915 | ||
| 037 | _bDBAD | ||
| 082 |
_a349.540723 _22 |
||
| 100 |
_aGoel, Govind _976530 |
||
| 245 |
_aStatement of Indian Law/ _cBy Govind Goel |
||
| 250 | _a2 | ||
| 260 |
_bLexis Nexis _c2024 _aGurgaon |
||
| 270 |
_a14th Floor; Building No. 10 Tower -B , DLF Cyber City ,Phase-II _bGurgaon _e122002 _k+91-124-4774444 _l+91-124-4774100 |
||
| 300 | c |
_accclxxxvii,3639p.(Vol 1,Vol 2,,Vol 3) _c24cm(hb) |
|
| 490 | _vVol 1, Vol 2, Vol 3 | ||
| 500 | _aVol 1 The Rights Vol 2 The Governance Vol 3 The Non-Constitutional Issues | ||
| 942 |
_2ddc _cEN _mGOE _h349.540723 |
||
| 999 |
_c208464 _d208464 |
||